00478nam a2200169Ia 450000500170000000800410001708200150005810000180007324500250009126000350011630000120015165000160016365000130017994200060019295200970019899900130029520250422053545.0240331s9999 xx 000 0 und d a200.8bSIV aSivathamby, K 0aMathamum kavithaiyum aChennaibMakkal Veliyiduc1999 a95 p ., aKavithaikal aSamaiyam cL 001040708LaWERCLbWERCLcSSCd2024-03-31l0o 200.8 SIVp4197r2024-03-31w2024-03-31yL c841d841